Normal view MARC view

Entry Topical Term

Number of records used in: 1

001 - CONTROL NUMBER

  • control field: 50502

003 - CONTROL NUMBER IDENTIFIER

  • control field: OSt

005 - DATE AND TIME OF LATEST TRANSACTION

  • control field: 20250203103942.0

008 - FIXED-LENGTH DATA ELEMENTS

  • fixed length control field: 250203|| aca||aabn | a|a d

040 ## - CATALOGING SOURCE

  • Original cataloging agency: OSt
  • Transcribing agency: OSt

150 ## - HEADING--TOPICAL TERM

  • Topical term or geographic name entry element: Self-determination, Nationality, (dis) Irrigation, Statutory autonomous councils, Assam, village study.

670 ## - SOURCE DATA FOUND

  • Source citation: Work cat.: (OSt): Saikia, Prarthana 50501, Self-determination and integration: A site of negotiation and a village named Panbari

Powered by Koha